[Event "Botvinnik Cup 2018"]
[Site "Moscow"]
[Date "2018.08.13"]
[Round "6"]
[White "Vaganian, Rafael A"]
[Black "Chiriac, Daniel"]
[Result "1-0"]
[WhiteElo "2546"]
[BlackElo "1841"]
[Annotator "TA"]
[PlyCount "57"]
[EventDate "2018.08.10"]
[EventCountry "RUS"]
[SourceTitle "playchess.com"]
[Source "ChessBase"]
[SourceQuality "1"]

{[%evp 15,57,6,14,0,28,21,50,23,174,178,171,172,168,163,168,135,135,129,131,136,155,164,153,166,194,176,209,226,252,255,329,329,336,313,404,414,662,396,394,390,1958,1778,29987,732]} 1. d4 Nf6 2. c4 Nc6 3. Nf3 e6 {[%cal Be7e6,Be6e5][%mdl 32]} 4. g3 Bb4+ 5. Bd2 Bxd2+ 6. Nbxd2 O-O 7. Bg2 d6 8. O-O {E11: Damenindisch (Bogoljubow-Variante)} e5 {LiveBook: 12 Partien} 9. e3 (9. d5 Nb8 10. e4 a5 11. Ne1 Na6 12. Nd3 Qe7 13. Qc2 Bd7 14. Qc3 b5 15. Rac1 b4 16. Qc2 c6 17. c5 cxd5 18. cxd6 Qe8 19. exd5 e4 20. Nxe4 Nxe4 21. Rce1 Bf5 {½-½ (67) Raja,R (2316)-Gupta,A (2619) Kolkata 2018}) 9... Bf5 10. Qb3 $146 {Weiß hat minimalen Vorteil.} ({Vorgänger:} 10. Re1 Qd7 11. d5 Ne7 12. e4 Bg4 13. Qc2 Nh5 14. Nf1 f5 15. Ng5 fxe4 {1-0 (56) Kantorik,M (2345)-Franzen,J (2341) Slovakia 2007}) 10... Qd7 11. Rfe1 Ne4 $2 (11... exd4 $11 {und Schwarz muss sich keine Sorgen machen.} 12. exd4 a5) 12. Nxe4 $18 Bxe4 13. Nxe5 $1 dxe5 14. Bxe4 Rab8 15. Qc3 exd4 16. Bxc6 $1 Qxc6 17. exd4 {[%cal Be3d4,Bd4d5][%mdl 32]} Rbd8 18. d5 Qd6 19. Rad1 {[%cal Ba1d1,Bd1d4,Bd4e4][%mdl 32]} b6 {[#]} 20. b4 $1 Rd7 21. c5 {[%cal Bc4c5,Bc5c6,Bc6d7][%mdl 32]} Qg6 22. c6 Rd6 23. Re7 Qh5 24. Rd4 Rxd5 25. Rxc7 Rfd8 (25... Qe5 $142 26. Rd7 Rxd7 27. cxd7 Qf6) 26. Rd7 R5xd7 27. cxd7 {[#] Und Dc8 würde nun gewinnen.} Qg5 $2 (27... f5 28. Qc7 Qg5) 28. Re4 {Weiss will mit Te8+ Matt setzen.} Kf8 29. Qc8 {Precision: Weiß = 68%, Schwarz = 17%.} (29. Qe1 $142 g6 30. Re8+ Kg7 31. Rxd8 Qxd8 32. Qe8 Qxd7 33. Qxd7 b5 34. Qxa7) 1-0

[Event "Botvinnik Cup 2018"]
[Site "Moscow"]
[Date "2018.08.13"]
[Round "6"]
[White "Vaganian, Rafael A"]
[Black "Mikhailova, Alina"]
[Result "1-0"]
[WhiteElo "2546"]
[BlackElo "1398"]
[Annotator "TA"]
[PlyCount "111"]
[EventDate "2018.08.10"]
[EventCountry "RUS"]
[SourceTitle "playchess.com"]
[Source "ChessBase"]
[SourceQuality "1"]

{[%evp 19,111,30,38,37,33,29,18,14,43,0,0,0,48,42,57,25,27,12,74,52,75,75,146,27,32,24,34,33,60,56,60,54,62,58,75,68,77,74,67,67,69,40,69,53,54,35,47,8,9,8,10,8,8,14,16,0,0,-32,223,45,47,46,71,15,16,16,143,150,285,32,33,34,31,28,19,23,82,18,319,312,234,91,97,0,0,0,2150,1811,1903,1762,1564,1565,1502,2375]} 1. Nf3 Nf6 2. c4 e6 3. g3 b6 4. Bg2 Bb7 5. d4 Be7 6. O-O O-O 7. Nc3 Ne4 8. Bd2 Bf6 9. Qc2 Nxd2 10. Qxd2 c5 {LiveBook: 6 Games. E18: Queen's Indian: Old Main Line (4 g3 Bb7 5 Bg2 Be7 6 0-0 0-0 7 Nc3)} 11. dxc5 bxc5 12. Rfd1 a6 $146 {White has an edge.} ({Predecessor:} 12... Bc6 13. Qf4 Qb6 14. Rd2 d5 15. cxd5 exd5 16. Nxd5 Bxd5 17. Rxd5 Qxb2 18. Rad1 {½-½ (74) Rodshtein,M (2673)-Abasov,N (2517) Skopje 2015}) 13. Rac1 Qc7 14. Ng5 Bxg2 15. Kxg2 Bxg5 (15... Be7 {feels hotter.} 16. f4 Rd8 17. Nf3 Nc6 18. b3 d6) 16. Qxg5 Qb7+ 17. Kg1 Qxb2 18. Qxc5 {next Na4 is good for White.} a5 (18... Nc6 $11) 19. Qb5 Qb4 20. Na4 d5 (20... Ra6 $142) 21. Nc5 ({White should play} 21. a3 $16 Qxa3 22. Nb6 (22. cxd5 Qb4 $16)) 21... dxc4 $1 $11 22. Qxc4 Qxc4 23. Rxc4 Ra7 24. Ra4 Nc6 25. Nb3 Nb4 26. Rc1 ({Don't go for} 26. Nxa5 $2 Nc6 $1 $19 {[%mdl 512]}) 26... g6 27. a3 ({Much worse is} 27. Nxa5 $6 Nd5 $11) 27... Nd5 28. Rxa5 Rxa5 29. Nxa5 $16 {[%mdl 4096] Endgame KRN-KRN} Ra8 30. Rc5 Kf8 31. Nc4 Ra4 32. Kg2 Nc3 33. Kf3 Nb1 {Threatens to win with ...Rxc4!} 34. Rc8+ Kg7 35. Ke3 Nxa3 36. Nd6 Ra7 37. Ne8+ Kf8 38. Kf4 Re7 $2 {[%mdl 8192]} (38... Ra4+ $15 {stays ahead.} 39. Kg5 Ra5+ 40. Kf4 Ke7) 39. Nd6+ $2 ({White has to play} 39. Nf6+ $1 $18 Kg7 40. Ke5) 39... Kg7 $14 40. g4 {[%cal Bg3g4,Bg4g5][%mdl 32]} f5 41. e4 ({White should try} 41. Rc6 $16) 41... e5+ $1 $11 42. Kf3 f4 (42... fxg4+ $11 43. Kxg4 Kf6) 43. g5 $1 $16 Nb1 {[#]} (43... Re6 $16 {was necessary.}) 44. Ke2 $2 (44. Nc4 $1 $18) 44... Rd7 45. Ne8+ Kf7 46. Nf6 Rd2+ 47. Kf3 {Strongly threatening Rc7+.} Rd3+ {[#]} (47... Rb2 $11 {remains equal.}) 48. Kg2 (48. Kg4 $1 $16) 48... Rd4 $2 {[%mdl 8192]} (48... Nd2 $11 {and Black is okay.}) 49. Rc7+ $18 ({Weaker is} 49. Nxh7 Nd2 $16) 49... Ke6 50. h4 (50. Nxh7 $18 Rxe4 51. Rg7) 50... Nd2 $16 51. f3 (51. Rxh7 $16 {aiming for Rg7.} Rd3 52. Rh6) 51... Rd3 $11 52. Nxh7 {Black must now prevent Nf8+.} Rxf3 $2 {[%mdl 8192]} (52... Kd6 $11 53. Rg7 Kc5) 53. Nf8+ $18 {White is clearly winning.} Kd6 54. Rd7+ Kc6 55. Rxd2 Re3 56. Nxg6 {Precision: White = 42%, Black = 31%.} 1-0

[Event "Botvinnik Cup 2018"]
[Site "Moscow"]
[Date "2018.08.13"]
[Round "6"]
[White "Atabayev, Maksat"]
[Black "Sezdbekova, Aizhan"]
[Result "1-0"]
[WhiteElo "2505"]
[BlackElo "1410"]
[Annotator "TA"]
[PlyCount "115"]
[EventDate "2018.08.10"]
[EventCountry "RUS"]
[SourceTitle "playchess.com"]
[Source "ChessBase"]
[SourceQuality "1"]

{[%evp 19,114,85,138,131,189,110,106,106,127,125,134,136,132,108,151,125,188,191,218,206,223,211,221,209,221,226,231,228,245,229,285,293,277,215,497,518,520,516,516,508,525,575,568,555,548,541,529,504,684,671,787,782,748,690,679,664,624,615,753,730,914,898,1675,1690,1690,1222,1624,1569,29983,29984,29984,29985,29985,29986,29986,29987,29984,29985,29964,5661,29989,29990,29991,29992,29992,29993,29993,29994,29994,29995,29995,29996,29997,29997,29998,29998,29999]} 1. Nf3 Nf6 2. c4 e6 3. g3 b6 4. Bg2 Bb7 5. O-O Be7 6. d4 d5 7. Nc3 c5 8. dxc5 bxc5 9. Ne5 O-O 10. cxd5 exd5 (10... Bxd5 $142 11. Nxd5 Nxd5) 11. Qb3 $16 {E18: Queen's Indian: Old Main Line (4 g3 Bb7 5 Bg2 Be7 6 0-0 0-0 7 Nc3)} Bc6 (11... Qb6 $16) 12. Nxc6 ({Better is} 12. Rd1 $18) 12... Nxc6 13. Nxd5 {White is better.} Nxd5 $146 ({Predecessor:} 13... Nd4 14. Nxf6+ Bxf6 15. Qd1 Rb8 16. e3 Ne6 17. Qc2 Qc7 18. Rb1 c4 {1-0 (42) Sanchez Enriquez,O (2401)-Hernando Rodrigo,J (2332) Barbera del Valles 2014}) 14. Qxd5 Qxd5 15. Bxd5 Rac8 16. Be3 Nb4 17. Be4 Nc6 (17... f5 $16 {is a better defense.}) 18. Rac1 Ne5 19. Rfd1 Ng4 20. Bd2 {And now Bf5 would win.} Rcd8 21. Ba5 Rxd1+ 22. Rxd1 Bf6 23. b3 h5 24. h3 Ne5 25. f4 Ng6 26. Bxg6 Bd4+ $2 {[#]} (26... fxg6 27. Kf2 Rc8) 27. Rxd4 $18 cxd4 28. Bd3 Rc8 29. Bd2 g6 30. h4 Kf8 31. b4 Ke7 32. a4 Kd6 33. Kg2 f5 34. a5 Kd5 35. Kf2 Rc7 36. Ke1 Re7 37. Kd1 Rc7 38. b5 Rb7 39. Kc2 Kc5 40. Kb3 Rb8 41. Bb4+ Kd5 42. Bc4+ Ke4 43. Bc5 Rb7 44. a6 Rc7 {[#]} 45. Bxa7 $1 Rxa7 {[%mdl 4096] Endgame KR-KB} 46. b6 Ra8 47. a7 Ke3 48. Bd5 Rd8 49. a8=Q Rxa8 50. Bxa8 {White mates.} Kxe2 {KB-KP} 51. b7 d3 52. b8=Q d2 53. Qe5+ Kf2 54. Qd4+ Ke2 55. Kc2 Ke1 56. Qxd2+ Kf1 57. Bf3 Kg1 58. Qg2# {Precision: White = 77%, Black = 33%.} 1-0

[Event "Botvinnik Cup 2018"]
[Site "Moscow"]
[Date "2018.08.13"]
[Round "6"]
[White "Atabayev, Maksat"]
[Black "Degenbaev, Aziz"]
[Result "1-0"]
[WhiteElo "2505"]
[BlackElo "1688"]
[Annotator "TA"]
[PlyCount "91"]
[EventDate "2018.08.10"]
[EventCountry "RUS"]
[SourceTitle "playchess.com"]
[Source "ChessBase"]
[SourceQuality "1"]

{[%evp 17,91,0,7,5,5,-13,3,-35,-13,-23,1,10,0,-8,2,0,27,8,7,-50,12,19,12,11,20,13,37,14,10,19,45,43,42,49,90,90,112,112,112,112,112,112,104,104,104,104,104,104,104,104,104,0,104,91,104,104,162,154,154,156,144,141,143,117,117,117,230,285,292,280,275,271,1171,1117,2524,2447]} 1. Nf3 d5 2. c4 c6 3. g3 Nf6 4. Bg2 Bg4 5. O-O e6 6. d4 Be7 7. Nc3 Nbd7 8. b3 O-O 9. Bb2 h6 {LiveBook: 17 Games} 10. h3 {D11: Slav Defence: 3 Nf3 sidelines and 3...Nf6 4 e3 Bg4} Bh5 11. cxd5 $146 ({Predecessor:} 11. Re1 a5 12. Ne5 Nxe5 13. dxe5 {0-1 (23) Al Huwar,J (2275)-Sadorra,J (2574) Ashkhabad 2017}) 11... exd5 12. Nh4 {The position is equal.} Ne8 13. Nf5 Nd6 14. Nxe7+ Qxe7 15. Ba3 Qe6 16. Qd2 {Black must now prevent Qf4.} f5 17. Qf4 Rf6 18. Bxd6 (18. Qxd6 $11 Qxd6 19. Bxd6 Rxd6 20. e3) 18... Qxd6 (18... g5 $1 $15 19. Qd2 Qxd6) 19. Qxd6 $11 Rxd6 20. e3 Nf6 21. b4 Rdd8 22. b5 Be8 23. bxc6 Bxc6 24. Rfc1 Ne4 25. a4 {[%cal Ba2a4,Ba4a5][%mdl 32]} Nxc3 26. Rxc3 Kf7 27. a5 a6 28. Rb1 Rac8 29. Rb6 Ke7 30. Rc5 Rd7 31. Bf1 Rd6 32. Bd3 Rf6 33. Bc2 Rd8 34. Bd3 Rc8 35. h4 g6 36. Kg2 h5 (36... Ra8 $16 {is a better defense.}) 37. Kf3 $18 Kf7 38. Ke2 Ke7 39. Kd2 Re6 40. Kc3 Rd6 41. Kb4 Kd7 {[#]} (41... Rc7 $16 42. Kc3 Kf6) 42. Bc2 $1 Rc7 43. Bb3 Kc8 {[#]} 44. Ba4 $1 Kb8 $2 (44... Kd7 45. Bxc6+ Rdxc6) 45. Bxc6 Rdxc6 46. Rcxc6 {Precision: White = 64%, Black = 36%.} 1-0

[Event "Botvinnik Cup 2018"]
[Site "Moscow"]
[Date "2018.08.13"]
[Round "6"]
[White "Tologontegin, Semetey"]
[Black "Annageldiyev, Azatgeldi"]
[Result "1-0"]
[WhiteElo "2419"]
[BlackElo "1727"]
[Annotator "TA"]
[PlyCount "85"]
[EventDate "2018.08.10"]
[EventCountry "RUS"]
[SourceTitle "playchess.com"]
[Source "ChessBase"]
[SourceQuality "1"]

{[%evp 12,85,94,90,96,93,90,86,135,126,412,152,162,151,192,187,187,181,181,181,184,184,184,185,194,187,250,247,243,239,244,245,262,233,274,254,329,329,314,295,390,387,396,341,410,408,460,438,615,528,641,611,653,641,859,841,902,881,881,821,1195,1093,1300,979,29983,29984,29977,2312,1648,0,29981,1940,29986,29987,29990,29991]} 1. Nf3 d5 2. e3 Nf6 3. c4 c6 4. Nc3 Bf5 5. cxd5 cxd5 6. Qb3 {A11: English Opening: 1...c6} Qb6 (6... Bc8 7. d4 Nc6 8. Bd3 e6 9. O-O Be7 10. Bd2 O-O 11. Rac1 Rb8 12. Qd1 Bd7 13. Ne5 Nxe5 14. dxe5 {0-1 (57) Wojtaszek,R (2736)-Vykouk,J (2435) Katowice 2017}) 7. Nxd5 {LiveBook: 3 Games} Qxb3 $146 ({Predecessor:} 7... Nxd5 8. Qxd5 e6 9. Qb5+ Nc6 10. Nd4 Be4 11. f3 Bd5 12. Nxc6 bxc6 13. Qa4 e5 {½-½ (33) Papin,V (2531)-Kathmale,S (2345) Mumbai 2014}) 8. Nxf6+ {White is better.} exf6 9. axb3 Bc5 10. Bb5+ Nc6 $2 {[%mdl 8192] [#]} (10... Bd7 $16) 11. d4 $2 (11. Bxc6+ $1 $18 {is the precise move to win.} bxc6 12. Ra5) 11... Bb4+ $16 12. Bd2 O-O 13. Bxc6 Bxd2+ 14. Kxd2 bxc6 15. Ra5 $36 {[%mdl 2048] White is in control.} Be6 16. Kc3 Bd5 17. Rg1 Rfb8 18. Nd2 Rb5 (18... f5 {keeps fighting.} 19. f3 Re8) 19. Rxb5 $18 cxb5 {[%mdl 4096] Endgame KRB-KRN} 20. e4 Bb7 21. Kd3 Rc8 22. b4 Kf8 23. Nb3 Ke7 24. Nc5 Rc7 25. f3 Bc8 26. d5 a5 27. Kd4 axb4 28. Ra1 g5 29. g3 Bd7 (29... h5 $142 30. Ra5 Bd7) 30. Ra6 {d6+ is the strong threat.} Ke8 31. Rxf6 Ra7 32. Ra6 Rxa6 33. Nxa6 {KB-KN} b3 34. Nc5 Bh3 35. f4 gxf4 36. gxf4 Ke7 37. e5 f6 38. d6+ {[%cal Bd5d6,Bd6d7][%mdl 32]} Kf7 39. Kd5 (39. d7 $142 fxe5+ 40. Kxe5 Bxd7 41. Nxd7 Ke7 42. Nb6 Kf7 43. f5 Ke7 44. Nc8+ Kd7 45. f6 Kxc8 46. f7) 39... Bg2+ {[#]} 40. Kd4 $2 (40. Ne4 $1 $18 Ke8 41. exf6) 40... fxe5+ $2 {[%mdl 8192]} (40... Bh3 $11 41. d7 Bxd7 42. Nxd7 fxe5+ 43. Kxe5 Ke7) 41. fxe5 (41. Kxe5 $142 Bc6 42. d7 Bxd7 43. Nxd7 Ke7 44. Nf6 h6 45. Nd5+ Kf7 46. f5) 41... Ke8 42. e6 Bh3 43. d7+ {Precision: White = 70%, Black = 15%.} 1-0

[Event "Botvinnik Cup 2018"]
[Site "Moscow"]
[Date "2018.08.13"]
[Round "6"]
[White "Tologontegin, Semetey"]
[Black "Saryev, Azim"]
[Result "1-0"]
[WhiteElo "2419"]
[BlackElo "1586"]
[Annotator "TA"]
[PlyCount "151"]
[EventDate "2018.08.10"]
[EventCountry "RUS"]
[SourceTitle "playchess.com"]
[Source "ChessBase"]
[SourceQuality "1"]

{[%evp 21,151,0,0,0,0,0,0,0,43,14,14,6,27,20,27,27,26,29,29,15,14,0,25,-22,-22,-40,-37,-27,-18,-47,0,-51,0,0,44,14,39,35,28,0,0,0,2,0,0,0,23,24,26,22,24,17,30,8,25,0,11,0,0,0,0,0,97,95,112,81,81,80,171,163,159,163,230,224,242,185,149,0,239,234,236,229,310,216,227,223,229,203,184,204,600,600,600,599,585,585,583,577,646,631,737,726,1628,1783,1154,689,651,628,29975,29976,29974,29977,29977,29975,29976,29978,29984,29980,29982,29981,29981,29982,29982,29983,29983,29984,29984,29985,29985,29986,29986,29987]} 1. g3 d5 2. Bg2 Nf6 3. d3 c5 4. Nd2 e6 5. e4 Nc6 6. Ngf3 dxe4 7. dxe4 Be7 8. O-O O-O 9. c3 Qc7 10. Re1 e5 11. Qc2 h6 12. Nc4 {C00: French: Unusual White 2nd moves} Be6 13. Ne3 Rfd8 14. Bf1 {The position is equal.} Ng4 $146 ({Predecessor:} 14... Rab8 15. Bd2 b5 16. Rad1 g6 17. Bc1 c4 18. Nh4 Bc5 19. Be2 Ne7 20. Nf3 Nc6 21. Nh4 Ne7 22. Nf3 Nc6 23. Nh4 {½-½ (23) Matamoros Franco,C (2486)-Ghatti,S (2254) Forth Worth 2017}) 15. Nxg4 (15. Nd5 $5 Rxd5 16. exd5 Bxd5 17. Nd2 $11) 15... Bxg4 16. Nd2 {[%cal Bf3d2,Bd2c4,Bc4e3][%mdl 32]} Bg5 17. Nc4 Bxc1 18. Raxc1 Rd7 19. Ne3 Be6 20. Bb5 Rad8 21. Re2 (21. Qb1 {is more complex.} f6 22. b3 Qb6 23. Be2 Ne7 24. Red1) 21... Rd6 22. Bxc6 bxc6 23. b3 Qd7 24. Rce1 Kh7 25. f3 Rd2 26. Qc1 (26. Rxd2 $11 Qxd2 27. Re2) 26... Qd3 ({Better is} 26... a5 $15) 27. Kf2 $11 g6 28. Nf1 Rd1 29. Rxd1 Qxd1 30. Re1 (30. Qxd1 {keeps more tension.} Rxd1 31. c4 a5 32. Re1 Rd8 33. Ne3) 30... Qxc1 31. Rxc1 {[%mdl 4096] Endgame KRB-KRN} a5 32. Ke3 Kg7 33. Nd2 Kf8 34. f4 exf4+ 35. gxf4 Ke7 36. Rf1 f6 37. Rg1 Kf7 38. Rg3 h5 39. h4 a4 40. Rg1 axb3 41. axb3 Rb8 {[#]} (41... Ra8 $1 $11) 42. Ra1 $1 $16 Rb7 43. Ra6 Bxb3 44. Rxc6 c4 (44... Bc2 $16 {keeps fighting.}) 45. e5 $18 (45. Nxc4 $6 Bxc4 46. Rxc4 Rb1 $16) 45... fxe5 46. fxe5 Re7 (46... Kg7 {was called for.} 47. Nxc4 Re7) 47. Kf4 ({Inferior is} 47. Nxc4 Bxc4 48. Rxc4 Rxe5+ 49. Re4 Rxe4+ 50. Kxe4 g5 $11) 47... Re6 48. Rc7+ Re7 49. Rc6 (49. Rc5 $16) 49... Re6 $1 {[%cal Re6c6] [#]} 50. Rc5 $1 Ra6 51. Rc7+ ({Avoid the trap} 51. Nxc4 $2 Ra4 $19) 51... Ke6 52. Ne4 {aiming for Nc5+.} ({But not} 52. Nxc4 $2 Ra4 $19) 52... Ra1 {Black wants to play ...Rf1+.} 53. Ng5+ Kd5 {White should prevent ...Rf1+.} 54. Rd7+ Kc6 55. Rd6+ Kb5 $2 (55... Kc7 56. Rxg6 Rh1) 56. e6 {Black must now prevent e7.} Rf1+ 57. Nf3 {Hoping for e7.} Kc5 58. e7 {Threatening mate with Ra6.} Ba4 59. Rxg6 Be8 60. Rf6 Ra1 61. Rf8 Ra8 62. Nd4 Kd6 63. Nf5+ Kd7 64. Ng7 Kxe7 65. Rxe8+ {White mates.} Rxe8 66. Nxe8 Kxe8 {KPP-KPP} 67. Kg5 Ke7 68. Kxh5 {KPP-KP} Ke6 69. Kg4 Ke5 70. Kf3 Kf5 71. Ke3 Kg4 72. Kd4 Kxh4 73. Kxc4 Kg5 74. Kd5 Kf6 75. Kd6 Kf7 76. Kd7 {Precision: White = 60%, Black = 45%.} 1-0

[Event "Botvinnik Cup 2018"]
[Site "Moscow"]
[Date "2018.08.13"]
[Round "6"]
[White "Sevdimaliyev, Urfan"]
[Black "Kirillov, Dmitry"]
[Result "0-1"]
[WhiteElo "2388"]
[BlackElo "2209"]
[Annotator "TA"]
[PlyCount "68"]
[EventDate "2018.08.10"]
[EventCountry "RUS"]
[SourceTitle "playchess.com"]
[Source "ChessBase"]
[SourceQuality "1"]

{[%evp 10,68,-13,-23,13,6,26,25,73,52,72,-18,28,6,8,11,19,18,9,3,22,-11,35,0,0,-141,-125,-141,-149,-251,-241,-262,-226,-463,-483,-468,-464,-449,-439,-1259,-1240,-1089,-1116,-1193,-179,-181,-193,-193,-193,-193,-187,-260,-203,-227,-218,-347,-340,-1331,-1283,-1312,-1297]} 1. e4 c5 2. Nf3 e6 3. c4 Nc6 4. Nc3 {[%cal Bb1c3,Bc3e2,Be2d4][%mdl 32]} Nd4 5. Nxd4 cxd4 6. Ne2 {LiveBook: 49 Games. B40: Sicilian: 2...e6, Unusual lines} Bc5 7. b4 Bxb4 8. Nxd4 {White has an edge.} Qh4 $146 {aiming for ...Bc5.} ({Predecessor:} 8... Be7 9. Nf3 Nf6 10. e5 Ne4 11. Bd3 d5 12. exd6 Nxd6 13. Bb2 O-O {0-1 (42) Dave,D (2201)-Fedorchuk,S (2665) Sitges 2014}) 9. Qf3 {And now Nb5 would win.} Nf6 10. Bd3 (10. Rb1 $16 a5 11. Bd3) 10... O-O {next ...d5! is good for Black.} (10... d5 $5 11. cxd5 exd5 $11) 11. Qg3 Qh6 12. Rb1 Bc5 13. Nb3 Be7 14. Bc2 d5 15. e5 Nh5 16. Qg4 f5 $36 {[%mdl 2048] Black has the initiative.} 17. exf6 (17. Qf3 $11 {remains equal.}) 17... e5 $1 $17 (17... Rxf6 $6 18. g3 $11) 18. Qe2 Rxf6 19. d4 {[#]} (19. g3 $17 {was called for.} Bf5 20. Bxf5 Rxf5 21. cxd5) 19... Bb4+ $1 $19 20. Kd1 Nf4 21. Qxe5 $2 (21. Bxf4 Rxf4 22. f3) 21... Bg4+ ({Inferior is} 21... dxc4 22. Nc5 $11) 22. f3 {[#]} Qh3 $1 {[%mdl 512]} 23. Bxf4 (23. gxh3 Bxf3+) 23... Qxg2 24. fxg4 ({Reject} 24. Qxd5+ Be6 $19) (24. Bxh7+ $142 Kxh7 25. fxg4 dxc4 26. Nd2 Bxd2 27. Bxd2) 24... Qxh1+ 25. Ke2 Qg2+ 26. Ke3 Bd6 $2 (26... Qxc2 27. Qxd5+ Kf8) 27. Qxd5+ Qxd5 28. cxd5 Bxf4+ ({Don't do} 28... Rxf4 29. Bf5 $15) 29. Kd3 b6 30. Re1 (30. Rf1 $142) 30... Rc8 {Threatens to win with ...Rh6.} 31. h3 Bd6 {Strongly threatening ...Bb4.} 32. Nd2 (32. Re6 {is a better defense.}) 32... Bb4 33. Re2 $2 (33. Rc1) 33... Rc3+ 34. Ke4 Rxc2 {Precision: White = 25%, Black = 57%.} 0-1

[Event "Botvinnik Cup 2018"]
[Site "Moscow"]
[Date "2018.08.13"]
[Round "6"]
[White "Sevdimaliyev, Urfan"]
[Black "Skatchkov, Valery"]
[Result "1/2-1/2"]
[WhiteElo "2388"]
[BlackElo "2305"]
[Annotator "TA"]
[PlyCount "72"]
[EventDate "2018.08.10"]
[EventCountry "RUS"]
[SourceTitle "playchess.com"]
[Source "ChessBase"]
[SourceQuality "1"]

{[%evp 13,72,50,48,51,61,54,66,57,60,55,52,62,61,53,113,110,115,104,127,106,111,68,65,62,56,64,102,68,71,80,65,0,62,0,0,0,0,0,0,0,0,-78,-75,-75,-72,-72,-82,-69,-68,-99,-50,-72,-14,-17,0,-24,25,-1,-1,-9,0]} 1. d4 Nf6 2. Nf3 e6 3. Bg5 c5 4. Nc3 h6 (4... Qb6 5. d5 Qxb2 6. Bxf6 gxf6 7. Ne4 f5 8. Ned2 Bg7 9. Rb1 Qxa2 10. c4 exd5 11. e3 Nc6 12. cxd5 Qxd5 {1-0 (36) Andreikin,D (2723)-Korobov,A (2708) Sochi 2015}) 5. Bxf6 Qxf6 6. d5 {A46: 1 d4 Nf6 2 Nf3 e6: Torre, London and Colle Systems} d6 7. e4 e5 {LiveBook: 5 Games} 8. Bb5+ {White is slightly better.} Bd7 9. a4 Be7 10. O-O O-O 11. Bxd7 $146 ({Predecessor:} 11. Nd2 Qg6 12. Qf3 {½-½ (27) Gramlich,S (2064)-Margolin,B (2427) playchess.com INT 2005}) 11... Nxd7 12. a5 Qg6 13. a6 Rab8 (13... b5 $14) 14. axb7 Rxb7 15. Nd2 Nb6 16. Qe2 Bg5 17. b3 {[%cal Bb2b3,Bb3b4][%mdl 32]} Bxd2 18. Qxd2 c4 19. b4 Na8 20. Ra4 Nb6 21. Ra6 Nd7 22. Ra4 (22. f3 $14) 22... Rfb8 (22... Nb6 $1 $11 23. Ra5 f5) 23. Qe3 (23. b5 $14) 23... Rxb4 $11 24. Rxb4 Rxb4 25. Qxa7 Nc5 26. Qa3 Rb8 27. h3 (27. f3 $11 {keeps the balance.}) 27... Nxe4 $17 28. Nxe4 Qxe4 29. Qxd6 {[%mdl 4096] Endgame KQR-KQR} Rb5 30. Qd8+ Kh7 31. d6 Rd5 32. c3 Qg6 (32... Qd3 $17) 33. Qc7 Qxd6 34. Qxc4 Rc5 35. Qe4+ g6 36. Re1 Rxc3 {Precision: White = 45%, Black = 54%.} 1/2-1/2

[Event "Botvinnik Cup 2018"]
[Site "Moscow"]
[Date "2018.08.13"]
[Round "6"]
[White "Komliakov, Viktor"]
[Black "Grigoryan, Aram"]
[Result "1/2-1/2"]
[WhiteElo "2366"]
[BlackElo "1805"]
[Annotator "TA"]
[PlyCount "38"]
[EventDate "2018.08.10"]
[EventCountry "RUS"]
[SourceTitle "playchess.com"]
[Source "ChessBase"]
[SourceQuality "1"]

{[%evp 21,38,-13,-12,-19,0,0,0,0,0,0,19,22,12,29,33,23,163,27,30]} 1. e4 e6 2. d4 d5 3. Nd2 Nc6 4. c3 e5 5. exd5 Qxd5 6. Ngf3 exd4 7. Bc4 Qf5 8. O-O Be6 {C04: French Tarrasch: 3...Nc6} 9. Bxe6 fxe6 10. Nxd4 (10. Qa4 O-O-O 11. Nb3 e5 12. cxd4 exd4 13. Nbxd4 Nxd4 14. Nxd4 Qd7 15. Qxd7+ Rxd7 16. Be3 {0-1 (54) Gubajdullin,A (2359)-Matsenko,S (2531) St Petersburg 2015}) 10... Nxd4 11. cxd4 O-O-O {LiveBook: 6 Games} 12. Nf3 Bd6 13. Re1 Nf6 14. Bg5 Rhe8 $146 ({Predecessor:} 14... Rde8 15. Bxf6 gxf6 16. Re2 {½-½ (52) Tallo Dominguez,I (2204)-Banos,O (2232) Sabadell 2011}) 15. Qb1 Qg4 16. Qc2 Qh5 17. Rac1 Re7 18. Re5 {[#] Strongly threatening Bxf6.} Qf7 (18... Qe8 $11 {and Black is okay.}) 19. Re2 ({Only move:} 19. Ra5 $18 a6 20. Ne5) 19... Qh5 {Precision: White = 63%, Black = 35%.} 1/2-1/2

[Event "Botvinnik Cup 2018"]
[Site "Moscow"]
[Date "2018.08.13"]
[Round "6"]
[White "Komliakov, Viktor"]
[Black "Melkonyan, Arshak"]
[Result "1/2-1/2"]
[WhiteElo "2366"]
[BlackElo "2051"]
[Annotator "TA"]
[PlyCount "35"]
[EventDate "2018.08.10"]
[EventCountry "RUS"]
[SourceTitle "playchess.com"]
[Source "ChessBase"]
[SourceQuality "1"]

{[%evp 13,35,39,39,13,0,-14,-13,-83,-78,-87,-87,-83,-81,-79,16,-13,-13,-13,0,-12,0,0,0,10]} 1. e4 c6 2. d4 d5 3. e5 c5 4. dxc5 e6 5. Be3 Qc7 6. Nf3 {B12: Caro-Kann: Advance Variation} Bxc5 7. Bxc5 Qxc5 {[#] LiveBook: 11 Games} 8. c4 $146 {[%mdl 512] White is slightly better.} ({Predecessor:} 8. Nbd2 Nd7 9. Bd3 Qc7 10. Qe2 Ne7 11. O-O Nc5 12. Rfe1 Bd7 13. Nd4 Qb6 {0-1 (42) Abhishek,D (2354)-Thejkumar,M (2455) New Delhi 2012}) 8... Ne7 (8... dxc4 9. Nbd2) 9. Nc3 Nbc6 10. a3 (10. Qa4 $11 {remains equal.}) 10... dxc4 $17 11. Ne4 Qa5+ 12. Qd2 Qxd2+ 13. Nexd2 Na5 ({Black should play} 13... b5 $17 14. b3 O-O 15. bxc4 bxc4 16. Nxc4 Rd8) 14. Nxc4 {The position is equal.} Nxc4 15. Bxc4 Bd7 16. O-O O-O 17. Nd4 a6 18. f4 1/2-1/2